00666 2200229 4500001002100000005001700021008004100038020002200079035002500101040001200126082001000138084001600148100002400164245008000188260003400268300004500302500003100347504001100378650001400389700002100403850001200424INLIS00000000000781520150708112342.0  a978-979-450-681-3 a0010-071500000000498 aYOPDYOG a302.2 a302.2 Naw S aNAWIROH VERA, 1962- aSemiotika dalam riset komunikasic/ Nawiroh Vera ; editor Risman Sikumbang. aBogorbGhalia Indonesiac2014 axii, 157 hlm.b: ilus.c; 23 cm [3 eks.] aBibliografi : hlm. 133-137 aIndeks aSemiotika aRisman Sikumbang aYOPDYOG